000 01059nam a22003377a 4500
001 0007352
003 KOHA_MİRAKIL
005 20260207001555.0
007 ta
008 090917b2007 tu |||gr||||#||||1|tur |
020 _a9789756089163
_cTL18,75
040 _aTR-BiSEU
_btur
_cTR-BiSEU
_erda
041 0 _atur
044 _ctu
050 _aPL196
_b.A45 2007
100 1 _aAlkaya, Ercan.
245 1 _aKuzey gurubu Türk lehçelerinde edatlar/
_cErcan Alkaya ; Ercan Alkaya.
264 1 _aElazığ :
_bManas
_c2007
300 _a759 sayfa: resimli; 20 cm.
336 _ametin
_btxt
_2rdacontent
337 _aaracısız
_bn
_2rdamedia
338 _acilt
_bnc
_2rdacarrier
490 1 _aManas yayınları no ;
_v17.
490 1 _aAraştırma ve İnceleme Eserler dizisi no ;
_v5.
500 _aKaynakça var.
650 0 _aTürk dili--Lehçeler--Türkiye.
_918303
650 0 _aTürk dilleri.
_918304
830 1 _aManas yayınları no ;
_v17.
_918305
830 1 _aAraştırma ve İnceleme Eserler dizisi no ;
_v5.
_918306
942 _2lcc
_cBK
999 _c7331
_d7331